000 00365nam a2200145Ia 4500
008 151213s9999 xx 000 0 und d
100 _aSarkar / Gupta
245 _aElements of Computer Science
_cSarkar / Gupta
260 _aIndia
_bChand & Co.
_c2005
300 _a4171 p.
650 _aComputer
650 _aComputer
700 _aSarkar / Gupta
999 _c2596
_d2596